LEADER 01657nam a2200349 a 4500 001 000000129403 003 CaOOAMICUS 005 20120626093411.0 008 120626s2012 it u000 u ita r 020 $a978-88-15-23400-1 040 $aPUL$bita 041 0 $aita$aeng$afre 082 04$a342.4 245 00$aDiritto e religione in Europa :$brapporto sulla giurisprudenza della Corte europea dei diritti dell'uomo in materia di libertą religiosa /$ca cura di Roberto Mazzola. 260 $aBologna :$bIl Mulino,$c©2012. 300 $a364 p. ;$c22 cm 490 1 $aPercorsi 504 $aBibliografia in nota. 546 $aTesti in italiano, inglese, francese. 650 4$aLibertą religiosa (diritto internazionale).$0(OLS)http://pul/subject/16323 700 1 $aMazzola, Roberto.$0(OLS)http://pul/name/48962 830 0$aPercorsi (Il Mulino).$0(OLS)http://pul/title/97174 850 $aPUL 852 $aPUL$W1$xSL Diritto e Scienze Sociali 3$y79$m342. 4 MAZRO 1$j149882$qDDC 21$B148409$CPULBib$Z2$F148409 $H120150 $82 852 $aPUL$W1$xDP1 Fondo G. Barberini$y122$m4 E 13$j177739$b2 copia$qFondi$B180900$CPULBib$Z2$F180900 $HBar2015 $82 941 1 $a9 941 1 $a1 996 $6020$a978-88-15-23400-1$9(OLS)http://pul/number/150089 996 $6082$a342.4$9(OLS)http://pul/classification/2088 996 $6245$aDiritto e religione in Europa :$brapporto sulla giurisprudenza della Corte europea dei diritti dell'uomo in materia di libertą religiosa$9(OLS)http://pul/title/163527 996 $6260$aBologna :$bIl Mulino$9(OLS)http://pul/publisher/47928 LEADER 02366nam a2200373 a 4500 001 000000173345 003 CaOOAMICUS 005 20200303103403.0 008 200302s1538 gw 000 u lat r 026 $anier n-it $b**** prpu (C)$c1538 (R) 032 $aLibriCat 035 $a10774879 040 $aPUL(R)$bita$d 041 0 $alatgrcheb 100 1 $aEck, Johann,$csac.,$d1486-1543.$0(OLS)http://pul/name/341 245 10$aSuper Aggaeo propheta Io. Eckii commentarius. Textum habes Hebraeum, Graecum, & Latinum: commentarius ex ecclesiaticis patribus, ex Iudaeorum rabinis, ex novatoribus quibusdam decerptus. 260 $aSalingiaci :$bIoannes Soter excudebat,$c1538. 300 $a[124] c. ; $c8° (16 cm) 500 $aCapilettera e fregi xil. 500 $aCorsivo. 500 $aSegnatura: A-P8 Q4 500 $aMarca tipografica sul front.: angelo regge stemma con stella a cinque punte; in corona d'alloro. 500 $aA c. a2: dedica a Philippo Episcopo Frisingensi vigilantissimo, et Numburgi administratori ... 546 $aTesto in latino, greco ed ebraico. 662 $aGermania$dSolingen.$0(OLS)http://pul/subject/35713 710 0 $aSoter, Johann$4pbl.$0(OLS)http://pul/name/70892 787 0 $aEck, Johann, sac. 1486-1543.$tHomiliarum sive Sermonum doctissimi viri Iohannis Eckii adversus quoscunque nostri temporis haereticos, super Evangelia de tempore ab Adventu usque ad Pascha, tomus primus [-quartus] ...$dColoniae : expensis m. Godefridi Hittorpii : typis Eucharii Cervicorni, 1537-1538$w()173339 850 $aPUL 852 $aPUL$W1$xDP1 Antico 500$y12$m549 C 9 $j197340$qStampati Antico$B202124$CPULBib$Z2$F202124 $82 941 1 $a15 961 $aLievi danni a causa dell'umidita'. - Tagli spruzzati di rosso e verde. - Rilegato con: Homiliarum sive Sermonum doctissimi viri Iohannis Eckii adversus quoscunque nostri temporis haereticos, super Evangelia de tempore ab Adventu usque ad Pascha, tomus primus [-quartus] - (Coll.: 549 C 9). 996 $6245$aSuper Aggaeo propheta Io. Eckii commentarius. Textum habes Hebraeum, Graecum, & Latinum: commentarius ex ecclesiaticis patribus, ex Iudaeorum rabinis, ex novatoribus quibusdam decerptus$9(OLS)http://pul/title/214504 996 $6260$aSalingiaci :$bIoannes Soter excudebat$9(OLS)http://pul/publisher/87305